|
|
|
|
| LEADER |
00000nkm a2200000 a 4500 |
| 001 |
vtls011597618 |
| 003 |
SK-MaSNL |
| 005 |
20260512124218.0 |
| 007 |
kp bo |
| 008 |
200623q1919 xo g kuslo |
| 015 |
|
|
|a SNBG
|
| 040 |
|
|
|a SNK
|b slo
|c SNK
|e AACR2
|
| 041 |
0 |
|
|a slo
|
| 043 |
|
|
|a e-xo---
|
| 044 |
|
|
|a xo
|c SK
|
| 080 |
|
|
|a 913(437.6)
|2 2011
|
| 080 |
|
|
|a (084.121)
|2 2011
|
| 080 |
|
|
|a 726.821
|2 2011
|
| 245 |
0 |
0 |
|a Košice
|h grafika
|b hrob Rákocziho
|
| 260 |
|
|
|a [Bratislava]
|b Kriváň
|c [medzi 1919 a 1948?]
|
| 300 |
|
|
|a 1 pohľadnica
|b čiernobiela
|c 9 x 14 cm
|
| 520 |
8 |
|
|a Zobrazenie: pohľad na tri sarkofágy v hrobke Františka II. Rákocziho v Dóme sv. Alžbety v Košiciach
|
| 600 |
0 |
7 |
|a František
|b II. Rákoci,
|c sedmohradské knieža,
|d 1676-1735
|2 SNKMA
|9 160695
|
| 650 |
0 |
7 |
|a hrobky
|2 SNKPH
|9 3034
|
| 651 |
|
7 |
|a Košice (Slovensko)
|2 SNKPH
|9 18694
|
| 655 |
|
7 |
|a pohľadnice kultúrnych pamiatok
|2 SNKPH
|9 70523
|
| 958 |
|
|
|a OND
|
| 958 |
|
|
|a GBN
|
| 958 |
|
|
|a GC
|
| 999 |
|
|
|c 860030
|d 861960
|
| 952 |
|
|
|a SNK
|b SNK
|y PREZ
|7 0
|p 17A1208444
|o snkSP 6875
|0 0
|1 0
|4 0
|d 2016-12-05
|f 1
|l 0
|r 2026-02-24 05:09:02
|w 2026-02-24
|